000
00299nam a2200109Ia 4500
008
220204s9999 xx 000 0 und d
082
_a
338.43.01
_b
SIN
100
_a
Singhal, Vikas
245
0
_a
Indian agriculture 1999
260
_a
New Delhi
_b
Indian Economic Data Research Centre
_c
1999
942
_c
BK
999
_c
41781
_d
41781